Polsko /

Hlavní autor: Trojan, Pavel, 1979-
Jazyk: Čeština
Vydáno: Praha : Freytag & Berndt, 2016
Vydání: 1. vydání
Edice: Průvodce na cesty (Freytag & Berndt)
Témata:
Fyzický popis: 347 stran : ilustrace (převážně barevné), mapy, portréty, plány ; 22 cm + 1 mapa (42 x 53 cm, složeno na 21 x 11 cm)
Knihy
Uloženo v:
LEADER 01772nam a2200493 i 4500
001 nkc20152756688
003 CZ PrNK
005 20240513124741.0
007 ta
008 151203s2016 xr abceg f 001 0 cze
015 |a cnb002756688 
020 |a 978-80-7445-171-3  |q (brožováno) 
035 |a (OCoLC)944218071 
040 |a BOA001  |b cze  |d ABA001  |e rda 
043 |a e-pl--- 
072 7 |a 913(4)  |x Geografie Evropy, reálie, cestování  |2 Konspekt  |9 7 
080 |a 913(438)  |2 MRF 
080 |a (036)913  |2 MRF 
080 |a (084.3)  |2 MRF 
100 1 |a Trojan, Pavel,  |d 1979-  |7 mzk2014816614  |4 aut 
245 1 0 |a Polsko /  |c Pavel Trojan 
250 |a 1. vydání 
264 1 |a Praha :  |b Freytag & Berndt,  |c 2016 
300 |a 347 stran :  |b ilustrace (převážně barevné), mapy, portréty, plány ;  |c 22 cm +  |e 1 mapa (42 x 53 cm, složeno na 21 x 11 cm) 
336 |a text  |b txt  |2 rdacontent 
336 |a kartografický obraz  |b cri  |2 rdacontent 
337 |a bez média  |b n  |2 rdamedia 
338 |a svazek  |b nc  |2 rdacarrier 
338 |a list  |b nb  |2 rdacarrier 
490 1 |a Průvodce na cesty 
504 |a Obsahuje bibliografické odkazy a rejstřík 
651 7 |a Polsko  |7 ge130478  |2 czenas 
651 9 |a Poland  |2 eczenas 
655 7 |a turistické průvodce  |7 fd133738  |2 czenas 
655 7 |a mapy  |7 fd132800  |2 czenas 
655 9 |a tourist guidebooks  |2 eczenas 
655 9 |a maps  |2 eczenas 
830 0 |a Průvodce na cesty (Freytag & Berndt)  |0 s 
910 2 |a BOA001  |b 2-1358.313 
990 |a BK 
995 |a 01 
991 |b 201601  |c NOV 
996 6 |b 2610652650  |c 2-1358.313  |l MZK  |r Sklad / do 1 hodiny  |n 13  |p p.v.  |w 001535238  |u 000010  |a 1  |e BOA001  |j MZK50  |s P 
996 7 |b 2610654100  |c 2-1358.313  |l Vol.výběr  |r VV 1p  |n 45  |p kup  |h 913(4) PRU POL  |w 001535238  |u 000020  |a 0  |e BOA001  |j MZK50  |s A